The Waiter (Record no. 417833)

MARC details
000 -LEADER
fixed length control field 00365nam a2200169Ia 4500
008 - FIXED-LENGTH DATA ELEMENTS--GENERAL INFORMATION
fixed length control field 230605s2002 xx 000 0 und d
041 ## - LANGUAGE CODE
Language code of text/sound track or separate title eng
082 ## - DEWEY DECIMAL CLASSIFICATION NUMBER
Classification number 839.82
100 ## - MAIN ENTRY--PERSONAL NAME
Personal name Fuller/Currie
245 ## - TITLE STATEMENT
Title The Waiter
260 ## - PUBLICATION, DISTRIBUTION, ETC.
Name of publisher, distributor, etc. Sterling Book Hos.Pub
Date of publication, distribution, etc. 2002
300 ## - PHYSICAL DESCRIPTION
Extent 214
365 ## - TRADE PRICE
Price amount 160
Tax rate 1 20
500 ## - GENERAL NOTE
General note 320
520 ## - SUMMARY, ETC.
Summary, etc. General
650 ## - SUBJECT ADDED ENTRY--TOPICAL TERM
Topical term or geographic name entry element F. B.

No items available.